Szczegóły MARC21

"Warum schreibe ich das alles?" : zur Rolle des Tagebuchs für deutschsprachige Exilschriftsteller 1933-1945 /

003 -Nazwa inst., której nr kontr. jest w polu 001 [,]
    • @
    • Nazwa instytucji, której n kontrolny jest w polu 001
    • NUKAT
005 -DATA I CZAS OSTATNIEJ MODYFIKACJI [,]
    • @
    • pole kontrolne
    • 20241231104505.0
020 -Międzynarod. znormalizowany nr książki - ISBN [ , ]
    • a
    • Numer ISBN
    • 3631317212 Find
040 -Instytucja sporządzająca opis [ , ]
    • a
    • Instytucja, która sporządziła opis (NP)
    • KR U/84SzE
    • c
    • Instytucja, która sporządziła rekord (NP)
    • KR U/84SzE
    • d
    • Instytucja, która zmodyfikowała rekord (P)
    • WR U/jlk
942 -Rodzaj dokumentu [ , ]
    • c
    • Rodzaj dokumentu
    • Książka
100 -Hasło główne - nazwa osobowa [1, ]
    • a
    • Nazwa osobowa (NP)
    • Sellmer, Izabela.
    • 9
    • KHW
    • 24166
245 -Strefa tytułu i oznaczenia odpowiedzialności [1,0]
    • a
    • Tytuł
    • "Warum schreibe ich das alles?" : Find
    • b
    • Ciąg dalszy tytułu (NP)
    • zur Rolle des Tagebuchs für deutschsprachige Exilschriftsteller 1933-1945 / Find
    • c
    • Pozostałe elementy strefy tytułu i oznaczenia odpowiedzialności (NP)
    • Izabela Sellmer.
260 -Strefa adresu wydawniczego [ , ]
    • a
    • Miejsce wydania (P)
    • Frankfurt am Main [etc.] :
    • b
    • Nazwa wydawcy (P)
    • Peter Lang,
    • c
    • Data wydania (P)
    • 1997.
300 -Strefa opisu fizycznego [ , ]
    • a
    • Określenie formy książki i/lub objętość (NP)
    • 246 s. ;
    • c
    • Format (NP)
    • 21 cm.
336 -Typ zawartości [ , ]
    • a
    • Termin opisujący typ zawartości
    • Tekst
    • b
    • Kod określający zawartość
    • txt
    • 2
    • Źródło (terminu i kodu)
    • rdacontent
337 -Typ mediów [ , ]
    • a
    • Tryb odtwarzania
    • Bez urządzenia pośredniczącego
    • b
    • Kod typu mediów
    • n
    • 2
    • Źródło (terminu i kodu)
    • rdamedia
338 -Typ/rodzaj nośnika [ , ]
    • a
    • Hasło opisujące typ nośnika
    • Wolumin
    • b
    • Kod typu nośnika
    • nc
    • 2
    • Źródło (terminu i kodu)
    • rdacarrier
490 -Strefa serii i książki wielotomowej - forma nie do wyszukiwania [1, ]
    • a
    • Tytuł (P)
    • Europäische Hochschulschriften. Reihe 1, Deutsche Sprache und Literatur, Find
    • x
    • ISSN (NP)
    • 0721-3301 ;
    • v
    • Numeracja (P)
    • Bd./Vol. 1617
830 -Hasło dodatkowe serii i opisu książki wielotomowej - tytuł ujednolicony/tytuł [ ,0]
    • a
    • Tytuł ujednolicony/tytuł (NP)
    • Europäische Hochschulschriften.
    • n
    • Oznaczenie części/podserii/sekcji (P)
    • Reihe 1,
    • p
    • Nazwa części/podserii/sekcji (P)
    • Deutsche Sprache und Literatur
    • x
    • ISSN
    • 0721-3301
    • v
    • Oznaczenie tomu (NP)
    • Bd./Vol. 1617
    • 9
    • KHW
    • 8838
502 -Uwaga dot. dysertacji [ , ]
    • a
    • Uwaga dot. dysertacji
    • Diss. Univ. Poznań, 1996.
504 -Uwaga dot. bibliogr. załącznikowej [ , ]
    • a
    • Uwaga dot. bibliografii załącznikowej
    • Bibliogr. s. 221-239. Indeks.
080 -Uniwersalna Klasyfikacja Dziesiętna [ , ]
    • a
    • Symbol klasyfikacji
    • 830(091)"19"=30
980 -Symbol UKD [ , ]
    • a
    • UKD
    • 830(091)"19"=30
710 -Hasło dodatkowe - nazwa ciała zbiorowego [2, ]
    • a
    • Nazwa ciała zbiorowego lub nazwa geograficzna jako pierwszy element (NP)
    • Verlag Peter Lang.
    • 4
    • Kod relacji
    • pbl
    • 9
    • KHW
    • 613284
920 -ISBN [ , ]
    • a
    • ISBN
    • 3-631-31721-2 Find
Status udost. Numer inwentarzowy Lokalizacja Data inwentaryzacji Sygnatura
1G.15669BM2001-05-16GERM. Lit. niem.-lit. emigr. 04